000 00551nam a2200193Ia 4500
005 20250508165622.0
008 008 250505s9999 xx 000 0 eng d
037 _aTextual
040 _aFEDL
_beng
_cFEDL
041 _aeng
_2eng
084 _a372.21, ANN
_qFEDL
100 _aAnning Angela
245 0 _aFirst years at school : Developing teachers and teaching
260 _aBuckingham, UK
_bOpen University Press
_c1991
300 _a153 p
365 _aGBP
_b9.99
942 _cTEXL
_h372.21, ANN
999 _c1396240
_d1396240